Biggest Non-Capital Cities - Statistics

General Stats
  • This quiz has been taken 34 times
  • The average score is 13 of 20
Answer Stats
Country City Population % Correct
United States New York City 13,900,000
97%
China Shanghai 42,300,000
97%
United States Chicago 9,500,000
90%
United States Los Angeles 12,800,000
87%
Japan Osaka 7,140,000
87%
Vietnam Ho Chi Minh City 9,300,000
84%
United States Houston 6,700,000
74%
United States Dallas 6,300,000
71%
China Shenzhen 35,000,000
71%
China Chongqing 14,900,000
68%
China Tianjin 15,200,000
68%
Canada Montreal 4,200,000
65%
Japan Nagoya 7,100,000
65%
India Ahmedabad 9,100,000
58%
India Pune 8,200,000
52%
India Surat 8,100,000
45%
China Nanjing 10,400,000
42%
China Hangzhou 12,700,000
39%
China Suzhou 12,900,000
16%
China Dongguan 10,100,000
10%
No matching quizzes found
Score Distribution
Percent of People with Each Score
Percentile by Number Answered
Your Score History
You have not taken this quiz